000
00517nam a2200181Ia 4500
008
090123s9999 xx 000 0 und d
082
_b
786
100
_a
कर्णिक मधु मंगेश
245
_a
गुंजा
250
_a
1
260
_b
कोठवाले केशव
300
_a
168
600
_a
कर्णिक मधु मंगेश
630
_a
गुंजा
700
_a
कर्णिक मधु मंगेश
730
_a
गुंजा
942
_c
BOOK
999
_c
38873
_d
38873